000 00437nam a2200169Ia 4500
008 180207s9999 xx 000 0 und d
020 _a153265027
050 _bB393 2003
100 _aBeck, Isabel L.
245 _aCatch a dream /
245 _cIsabel L. Beck, Roger C. Farr and Dorothy S. Strickland.
260 _aFlorida :
260 _bHarcourt,
260 _c2003
300 _a173 pages :
300 _bcolor illustration ;
999 _c355023
_d355023